Principles of unit operations (Record no. 3850)

000 -LEADER
fixed length control field 00624nam a2200241 i 4500
001 - CONTROL NUMBER
control field 3850
003 - CONTROL NUMBER IDENTIFIER
control field BD-DhUET
008 - FIXED-LENGTH DATA ELEMENTS--GENERAL INFORMATION
fixed length control field 780815s1980 nyua b 001 0 eng
020 ## - INTERNATIONAL STANDARD BOOK NUMBER
International Standard Book Number 0471047872
040 ## - CATALOGING SOURCE
Original cataloging agency DLC
Transcribing agency DLC
Modifying agency BD-DhUET
082 00 - DEWEY DECIMAL CLASSIFICATION NUMBER
Classification number 660.28
Item number FOU/1980
100 ## - MAIN ENTRY--PERSONAL NAME
Personal name Foust, Alan S.
245 10 - TITLE STATEMENT
Title Principles of unit operations
250 ## - EDITION STATEMENT
Edition statement 2nd ed.
260 ## - PUBLICATION, DISTRIBUTION, ETC. (IMPRINT)
Place of publication, distribution, etc. New York
Name of publisher, distributor, etc. John Wiley & Sons
Date of publication, distribution, etc. 1980
300 ## - PHYSICAL DESCRIPTION
Extent xiv, 768 p.
Other physical details ill .
Dimensions 29 cm.
504 ## - BIBLIOGRAPHY, ETC. NOTE
Bibliography, etc Includes bibliographies
650 #0 - SUBJECT ADDED ENTRY--TOPICAL TERM
Topical term or geographic name as entry element Chemical processes
700 ## - ADDED ENTRY--PERSONAL NAME
Personal name Wenzel, Leonard A.
700 ## - ADDED ENTRY--PERSONAL NAME
Personal name Clump, Curtis W.
700 ## - ADDED ENTRY--PERSONAL NAME
Personal name Maus, Louis
942 ## - ADDED ENTRY ELEMENTS (KOHA)
Koha item type General Book
Holdings
Shelving location Koha normalized classification for sorting Sublocation or collection (holding branch) Lost status Date acquired Location (home branch) Price effective from Koha issues (times borrowed) Copy number Koha full call number Koha date last seen Source of classification or shelving scheme Damaged status Withdrawn status Piece designation (barcode) Koha item type Not for loan Koha date last borrowed
Circulation section660_280000000000000_FOU_1980Central Library, BUET 2014-11-06Central Library, BUET2014-11-06 1660.28/FOU/19802014-11-06   90139General Book  
Circulation section660_280000000000000_FOU_1980Central Library, BUET 2014-11-06Central Library, BUET2014-11-06 2660.28/FOU/19802014-11-06   90140General Book  
Circulation section660_280000000000000_FOU_1980Central Library, BUET 2015-03-28Central Library, BUET2015-03-2833660.28/FOU/19802025-02-23   78475General Book 2023-09-16
Circulation section660_280000000000000_FOU_1980Central Library, BUET 2015-03-28Central Library, BUET2015-03-28 4660.28/FOU/19802015-03-28   78473General Book  
Circulation section660_280000000000000_FOU_1980Central Library, BUET 2015-03-28Central Library, BUET2015-03-2815660.28/FOU/19802019-02-13   78474General Book 2018-11-06
Circulation section660_280000000000000_FOU_1980Central Library, BUET 2015-05-18Central Library, BUET2015-05-1816660.28/FOU/19802018-03-11   78472General Book 2018-01-16
Reading section660_280000000000000_FOU_1980Central Library, BUET 2015-06-30Central Library, BUET2015-06-30 9660.28/FOU/19802015-06-30   68734Reading Item